000 00827nam a22002417a 4500
005 20131011145814.0
008 130117t xxu||||| |||| 00| 0 eng d
010 _aENG-106608
020 _a9788183822886
_c250.00
035 _aEN-90141
037 _bDBAD/PUB
040 _aDPL
_bENG
082 _a230.1
100 _aDubois, Abbe J. A.
_954844
245 _aEveryman's book of Hindu religion and mythology /
_cby Abbe J. A. Dubois
260 _aNew Delhi
_bLotus Press
_c2013
270 _a4735/22, Prakash Deep Building, Ansari Road, Daryaganj
_bNew Delhi
_e110002
300 _av, 318p.
_c22cm(pbk)
490 _aIndia bookvarsity lotus choices ; edited by Mahendra Kulasrestha
651 _aIndia
_xHistory
_yTo 1206 A.D.
_954845
700 _aKulasrestha,Mahendra
942 _2ddc
_cEN
_mDUB
_h230.1
999 _c73101
_d73101